Les James Bond Girls par pays d'origine - Statistiques

Statistiques générales
  • Ce quiz a été pris 43 fois
  • Le résultat moyen est 33 sur 155
Statistiques - réponses
Hint Réponse % Correct
France Le monde ne suffit pas M Sophie {Marceau} M*RC***
79%
France Rien que pour vos yeux B Carole {Bouquet} B**Q**T
71%
France Casino Royale 2006 G Eva {Green} GR**N
68%
Etats-Unis L'espion qui m'aimait B Barbara {Bach} B*CH
62%
France 007 Spectre & Mourir peut attendre S Léa {Seydoux} S**D**X
62%
Etats-Unis Meurs un autre jour B Halle {Berry} B*RR*
56%
Etats-Unis Les diamants sont éternels S Jill {St John} ST J*HN
53%
Etats-Unis Dangereusement vôtre R Tanya {Roberts} R*B*RTS
53%
Etats-Unis Demain ne meurt jamais H Teri {Hatcher} H*TCH*R
53%
Etats-Unis Le monde ne suffit pas R Denise {Richards} R*CH*RDS
50%
Cuba Mourir peut attendre A Ana de {Armas} *RM*S
44%
Chine Goldfinger L Mai {Ling} L*NG
44%
Etats-Unis Permis de tuer L Carey {Lowell} L*W*LL
41%
Etats-Unis Jamais plus jamais B Kim {Basinger} B*S*NG*R
41%
Etats-Unis Rien que pour vos yeux J Lynn-Holly {Johnson} J*HNS*N
41%
Royaume-Uni Opération Tonnerre P Molly {Peters} P*T*RS
41%
Italie 007 Spectre B Monica {Belluci} B*LL*C*
41%
Etats-Unis Les diamants sont éternels P Trina {Parks} P*RKS
41%
Chine L'homme au pistolet d'or W Wei Wei {Wong} W*NG
41%
Australie Rien que pour vos yeux H Cassandra {Harris} H*RR*S
38%
Chine On ne vit que deux fois C Tsai {Chin} CH*N
38%
Suisse JB contre Dr No & Casino Royale 1967 A Ursula {Andress} *NDR*SS
38%
Etats-Unis Les diamants sont éternels P Cassandra {Peterson} P*T*RS*N
35%
France Opération Tonnerre A Claudine {Auger} **G*R
35%
Etats-Unis Opération Tonnerre H Diana {Hartford} H*RTF*RD
35%
Allemagne On ne vit que deux fois D Karin {Dor} D*R
35%
Etats-Unis Meurs un autre jour M {Madonna} M*D*NN*
35%
Royaume-Uni Moonraker M Melinda {Maxwell} M*XW*LL
35%
Malaisie Demain ne meurt jamais Y Michelle {Yeoh} ***H
35%
Philippines Meurs un autre jour G Rachel {Grant} GR*NT
35%
France Skyfall M Bérénice {Marlohe} M*RL*H*
32%
Hongrie Au service secret de Sa Majesté S Catherine {Schell} SCH*LL
32%
Royaume-Uni Casino Royale 1967 K Deborah {Kerr} K*RR
32%
Royaume-Uni Au service secret de Sa Majesté R Diana {Rigg} R*GG
32%
Jamaïque Dangereusement vôtre J Grace {Jones} J*N*S
32%
Etats-Unis Les diamants sont éternels L Lola {Larson} L*RS*N
32%
Etats-Unis Permis de tuer H Diane {Hsu} HS*
29%
Royaume-Uni Goldfinger B Honor {Blackman} BL*CKM*N
29%
Royaume-Uni On ne vit que deux fois R Jeanne {Rolland} R*LL*ND
29%
Royaume-Uni Vivre et laisser mourir S Madeline {Smith} SM*TH
29%
Royaume-Uni GoldenEye G Serena {Gordon} G*RD*N
29%
Royaume-Uni JB contre Dr No M Zena {Marshall} M*RSH*LL
29%
Israël Bons baisers de Russie G Aliza {Gur} G*R
26%
Italie Bons baisers de Russie B Daniela {Bianchi} B**NCH*
26%
Royaume-Uni Bons baisers de Russie W Jan {Williams} W*LL**MS
26%
Etats-Unis Les diamants sont éternels W Lana {Wood} W**D
26%
Suède L'homme au pistolet d'or & Octopussy A Maud {Adams} *D*MS
26%
Royaume-Uni Opération Tonnerre K Suzy {Kendall} K*ND*LL
26%
Royaume-Uni Casino Royale 1967 C Tracey {Crisp} CR*SP
26%
Nicaragua Jamais plus jamais C Barbara {Carrera} C*RR*R*
24%
Danemark Demain ne meurt jamais T Cecilie {Thomsen} TH*MS*N
24%
France L'homme au pistolet d'or T Françoise {Therry} TH*RR*
24%
Royaume-Uni Vivre et laisser mourir S Jane {Seymour} S**M**R
24%
Royaume-Uni Mourir peut attendre L Lashana {Lynch} L*NCH
24%
Royaume-Uni Goldfinger N Margaret {Nolan} N*L*N
24%
Royaume-Uni Tuer n'est pas jouer A Maryam d'{Abo} *B*
24%
Pays-Bas JB contre Dr No M Michel {Mok} M*K
24%
Australie Demain ne meurt jamais Y Nina {Young} ***G
24%
Ukraine Quantum of Solace K Olga {Kurylenko} K*R*L*NK*
24%
Etats-Unis Permis de tuer B Priscilla {Barnes} B*RN*S
24%
Etats-Unis Rien que pour vos yeux Y Robbin {Young} ***NG
24%
Royaume-Uni Meurs un autre jour P Rosamund {Pike} P*K*
24%
Royaume-Uni Le monde ne suffit pas S T Serena {Scott Thomas} SC*TT TH*M*S
24%
Etats-Unis Permis de tuer S Talisa {Soto} S*T*
24%
Royaume-Uni Octopussy H Tina {Hudson} H*DS*N
24%
Royaume-Uni Au service secret de Sa Majesté N Virginia {North} N*RTH
24%
Suède L'homme au pistolet d'or E Britt {Ekland} *KL*ND
21%
Italie Casino Royale 2006 M Caterina {Murino} M*R*N*
21%
France Moonraker S Catherine {Serre} S*RR*
21%
France Les diamants sont éternels P Denise {Perrier} P*RR**R
21%
Pays-Bas GoldenEye J Famke {Janssen} J*NNSS*N
21%
Royaume-Uni Casino Royale 1967 B Jacqueline {Bisset} B*SS*T
21%
Etats-Unis Moonraker C Lois {Chiles} CH*L*S
21%
Royaume-Uni GoldenEye A Michelle {Arthur} *RTH*R
21%
Brésil Casino Royale 2006 A Alessandra {Ambrosio} *MBR*S**
18%
France Moonraker L Béatrice {Libert} L*B*RT
18%
France Moonraker C Corinne {Cléry} CL*R*
18%
Mexique Permis de tuer F Cynthia {Fallon} F*LL*N
18%
Nigeria Dangereusement vôtre F Fiona {Fullerton} F*LL*RT*N
18%
Etats-Unis Vivre et laisser mourir H Gloria {Hendry} H*NDR*
18%
Pologne GoldenEye S Izabella {Scorupco} SC*R*PC*
18%
Royaume-Uni GoldenEye D Minnie {Driver} DR*V*R
18%
Chine L'homme au pistolet d'or Y Qiu {Yuen} Y**N
18%
Royaume-Uni Goldfinger M Tricia {Muller} M*LL*R
18%
Australie Tuer n'est pas jouer H Virginia {Hey} H**
18%
Etats-Unis Moonraker L Ann {Lonnberg} L*NNB*RG
15%
Royaume-Uni Casino Royale 2006 C Christina {Cole} C*L*
15%
Royaume-Uni Le monde ne suffit pas B Daisy {Beaumont} B***M*NT
15%
Israël Casino Royale 1967 L Daliah {Lavi} L*V*
15%
Royaume-Uni Meurs un autre jour M Deborah {Moore} M**R*
15%
Royaume-Uni JB contre Dr No & Bons baisers de Russie G Eunice {Gayson} G**S*N
15%
Royaume-Uni Quantum of Solace A Gemma {Aterton} *T*RT*N
15%
Royaume-Uni Au service secret de Sa Majesté L Joanna {Lumley} L*ML**
15%
Jamaïque Bons baisers de Russie & Opération Tonnerre B Martine {Beswick} B*SW*CK
15%
Japon On ne vit que deux fois H Mie {Hama} H*M*
15%
France Moonraker J-L Nicaise {Jean-Louis} J**N-L***S
15%
Serbie Quantum of Solace K Stana {Katic} K*T*C
15%
Allemagne Casino Royale 1967 B Barbara {Bouchet} B**CH*T
12%
Etats-Unis Tuer n'est pas jouer A Belle {Avery} *V*R*
12%
France Moonraker R Blanche {Ravalec} R*V*L*C
12%
Royaume-Uni Octopussy G Cherry {Gillespie} G*LL*SP**
12%
Suisse Meurs un autre jour C Christina {Contes} C*NT*S
12%
Pays-Bas Demain ne meurt jamais D Daphne {Deckers} D*CK*RS
12%
Royaume-Uni Casino Royale 1967 P Joanna {Pettet} P*TT*T
12%
Norvège Au service secret de Sa Majesté E Julie {Ege} *G*
12%
Zimbabwe Vivre et laisser mourir I Kubi Chaza {Indi} *ND*
12%
Italie Opération Tonnerre P Luciana {Paluzzi} P*L*ZZ*
12%
Italie Le monde ne suffit pas C Marie Grazia {Cucinotta} C*C*N*TT*
12%
Royaume-Uni Octopussy C Michaela {Clavell} CL*V*LL
12%
Royaume-Uni L'espion qui m'aimait V Sue {Vanner} V*NN*R
12%
Royaume-Uni Goldfinger M Tania {Mallet} M*LL*T
12%
Canada JB contre Dr No S Yvonne {Shima} SH*M*
12%
Irlande Dangereusement vôtre D Alison {Doody} D**D*
9%
Royaume-Uni Au service secret de Sa Majesté & Casino Royale 1967 S Angela {Scoular} SC**L*R
9%
Royaume-Uni Casino Royale 1967 Q Anna {Quayle} Q***L*
9%
Etats-Unis Vivre et laisser mourir A Brenda {Arnau} *RN**
9%
Royaume-Uni L'espion qui m'aimait M Caroline {Munro} M*NR*
9%
Royaume-Uni Tuer n'est pas jouer R Catherine {Rabett} R*B*TT
9%
Inconnu Moonraker H Christina {Hui} H**
9%
Pays-Bas Moonraker B Emily {Bolton} B*LT*N
9%
Pologne Moonraker B Irka {Bochenko} B*CH*NK*
9%
Bosnie-Herzégovine Casino Royale 2006 M Ivana {Milicevic} M*L*C*V*C
9%
Suède Octopussy W Kristina {Wayborn} W**B*RN
9%
Maroc Moonraker S Leila {Shenna} SH*NN*
9%
Jamaïque JB contre Dr No L Marguerite {LeWars} L*W*RS
9%
Royaume-Uni L'espion qui m'aimait G Marilyn {Galsworthy} G*LSW*RTH*
9%
Suède Dangereusement vôtre S Mary {Stavin} ST*V*N
9%
Royaume-Uni Dangereusement vôtre S Papillon {Soo} S**
9%
Royaume-Uni Jamais plus jamais G Prunella {Gee} G**
9%
Royaume-Uni Goldfinger E Shirley {Eaton} **T*N
9%
Mexique 007 Spectre S Stéphanie {Sigman} S*GM*N
9%
Royaume-Uni Octopussy J Suzanne {Jerome} J*R*M*
9%
Royaume-Uni L'espion qui m'aimait & Jamais plus jamais L Valerie {Leon} L**N
9%
Etats-Unis Les diamants sont éternels P Valerie {Perrine} P*RR*N*
9%
Royaume-Uni Jamais plus jamais L Wendy {Leech} L**CH
9%
Japon On ne vit que deux fois W Akiko {Wakabayashi} W*K*B***SH*
6%
Royaume-Uni Casino Royale 1967 B Alexandra {Bastedo} B*ST*D*
6%
Royaume-Uni Dangereusement vôtre A Carole {Ashby} *SHB*
6%
Autriche L'espion qui m'aimait, Octopussy & Rien que pour vos yeux R-S Eva {Rueber-Staier} R**B*R-ST***R
6%
Royaume-Uni Casino Royale 1967 L Gabriella {Licudi} L*C*D*
6%
Italie Quantum of Solace L Lucrezia {Lante della Rovere} L*NT* D*LL* R*V*R*
6%
Serbie Bons baisers de Russie & Goldfinger R Nadja {Regin} R*G*N
6%
Royaume-Uni Le monde ne suffit pas M Nina {Muschallik} M*SCH*LL*K
6%
France Jamais plus jamais C-T Saskia {Cohen-Tanugi} C*H*N-T*N*G*
6%
Grèce Skyfall S Tonia {Sotiropoulou} S*T*R*P**L**
6%
Royaume-Uni L'homme au pistolet d'or S Carmen du {Sautoy} S**T**
3%
Royaume-Uni Rien que pour vos yeux C Caroline {Cossey} C*SS**
3%
France Moonraker K Chichinou {Kaeppler} K**PPL*R
3%
Etats-Unis JB contre Dr No K Dolores {Keator} K**T*R
3%
Royaume-Uni Tuer n'est pas jouer L Dulice {Liecier} L**C**R
3%
France Moonraker G Françoise {Gayat} G***T
3%
Thaïlande L'homme au pistolet d'or V Joie {Vejjajiva} V*JJ*J*V*
3%
Royaume-Uni Bons baisers de Russie G Lisa {Guiraut} G**R**T
3%
France Opération Tonnerre G M Maryse {Guy} {Mitsouko} G** M*TD**K*
3%
Serbie L'espion qui m'aimait B Olga {Bisera} B*S*R*
3%
Aucun quiz correspondant
Distribution des résultats
% des personnes avec chaque résultat
Percentile par nombre de réponses
Votre historique - résultats
Vous n’avez pas pris ce quiz